Изучение экстракционных процессов методом физико-химического анализа: отдельный оттиск

書誌詳細
第一著者: Николаев А. В.
その他の著者: Курнакова А. Г., Яковлев И. И.
言語:ロシア語
出版事項: Москва, [Б. и.], 1960
シリーズ:Журнал неорганической химии Т. 5, вып. 8
主題:
フォーマット: 図書
KOHA link:https://koha.lib.tpu.ru/cgi-bin/koha/opac-detail.pl?biblionumber=335177

MARC

LEADER 00000nam0a2200000 4500
001 335177
005 20231102004728.0
035 |a (RuTPU)RU\TPU\book\361539 
090 |a 335177 
100 |a 20170918d1960 k y0rusy50 ca 
101 0 |a rus 
102 |a RU 
105 |a a z 001zy 
200 1 |a Изучение экстракционных процессов методом физико-химического анализа  |e отдельный оттиск  |f А. В. Николаев, А. Г. Курнакова, И. И. Яковлев 
210 |a Москва  |c [Б. и.]  |d 1960 
215 |a 8 с.  |c ил. 
225 1 |a Журнал неорганической химии  |v Т. 5, вып. 8 
320 |a Библиогр. в конце ст. 
606 1 |a Физико-химический анализ  |2 stltpush  |3 (RuTPU)RU\TPU\subj\68857  |9 83965 
610 1 |a оттиски 
610 1 |a библиотека А. Г. Стромберга 
610 1 |a экстракционные процессы 
675 |a 543.4/.5  |v 4 
700 1 |a Николаев  |b А. В. 
701 1 |a Курнакова  |b А. Г. 
701 1 |a Яковлев  |b И. И. 
801 1 |a RU  |b 63413507  |c 20170918 
801 2 |a RU  |b 63413507  |c 20171206  |g RCR 
942 |c BK